Nabhi's income tax guidelines and mini ready reckoner alongwith wealth tax 2008-09, 2009-10 / (Record no. 57009)

MARC details
000 -LEADER
fixed length control field 00772naa a2200193 4500
005 - DATE AND TIME OF LATEST TRANSACTION
control field 2011033109499.0
010 ## - LCCN (DPL NO)
LC control number G-001531
020 ## - INTERNATIONAL STANDARD BOOK NUMBER
Terms of availability 190.00
International Standard Book Number 8172746547
035 ## - SYSTEM CONTROL NUMBER
System control number G-001531
037 ## - SOURCE OF ACQUISITION
Source of stock number/acquisition gift
082 ## - DEWEY DECIMAL CLASSIFICATION NUMBER
Classification number 336.240954
245 ## - TITLE STATEMENT
Title Nabhi's income tax guidelines and mini ready reckoner alongwith wealth tax 2008-09, 2009-10 /
250 ## - EDITION STATEMENT
Edition statement 37th rev. ed
260 ## - PUBLICATION, DISTRIBUTION, ETC. (IMPRINT)
Place of publication, distribution, etc New Delhi
Name of publisher, distributor, etc Nabhi Publications
Date of publication, distribution, etc 2008(repr.).
270 ## - ADDRESS
Address P.O. Box No. 37,
City New Delhi
Postal code 110001
300 ## - PHYSICAL DESCRIPTION
Extent liii, 550p.
Dimensions 23cm(pbk)
942 ## - ADDED ENTRY ELEMENTS (KOHA)
Institution code [OBSOLETE] dpl
Item type English Books
Source of classification or shelving scheme Dewey Decimal Classification
Call number suffix NAB
Classification part 336.240954
Holdings
Withdrawn status Lost status Not for loan Collection code Home library Current library Date acquired Source of acquisition Cost, normal purchase price Full call number Barcode Copy number Cost, replacement price Koha item type
      Non-fiction Janak Puri Janak Puri 26/09/2011 gift 190.00 336.240954 NAB G-001531 1 190.00 English Books

© Delhi Public Library
Hit Counter
free hit counter